Thinking critically about ethical issues
This concise, accessible text emphasizes doing ethical analysis and thinking critically about ethical issues, rather than focusing on ethical theory or the history of ethics. Ruggiero's readers are invited to apply ethical principles to issues that exemplify the kinds of moral challenges encoun...
Đã lưu trong:
| Príomhúdar: | |
|---|---|
| Formáid: | Leabhar |
| Teanga: | Undetermined |
| Foilsithe: |
Boston
McGraw-Hill Higher Education
2008
|
| Ábhair: | |
| Clibeanna: |
Cuir Clib Leis
Gan Chlibeanna, Bí ar an gcéad duine leis an taifead seo a chlibeáil!
|
| Thư viện lưu trữ: | Trung tâm Học liệu Trường Đại học Cần Thơ |
|---|
| LEADER | 00946nam a2200193Ia 4500 | ||
|---|---|---|---|
| 001 | CTU_187161 | ||
| 008 | 210402s9999 xx 000 0 und d | ||
| 082 | |a 170 | ||
| 082 | |b R931 | ||
| 100 | |a Ruggiero, Vincent Ryan | ||
| 245 | 0 | |a Thinking critically about ethical issues | |
| 245 | 0 | |c Vincent Ryan Ruggiero | |
| 260 | |a Boston | ||
| 260 | |b McGraw-Hill Higher Education | ||
| 260 | |c 2008 | ||
| 520 | |a This concise, accessible text emphasizes doing ethical analysis and thinking critically about ethical issues, rather than focusing on ethical theory or the history of ethics. Ruggiero's readers are invited to apply ethical principles to issues that exemplify the kinds of moral challenges encountered in everyday life. It engages students' minds, stimulates enthusiasm, and makes teaching more effective and rewarding. | ||
| 650 | |a Ethics,Đạo đức | ||
| 904 | |i Trúc | ||
| 980 | |a Trung tâm Học liệu Trường Đại học Cần Thơ | ||